000 00664nam a2200289Ia 4500
005 20260324135158.0
008 008 260324s9999 xx 000 0 eng d
020 _a9780203183427
037 _aEBOOK
040 _aCRL
040 _beng
040 _cCRL
041 _2eng
041 _aeng
084 _qCRL
100 _aW. Ray Crozier
_91000020
245 0 _aShyness
245 0 _bDevelopment, Consolidation and Change
260 _bTaylor and Francis
260 _c2000
365 _a
365 _b290
856 _uhttp://www.taylorfrancis.com/books/9780203183427
942 _cEBOOK
999 _c1800438
_d1800438